Tuyển tập tác phẩm bàn về giáo dục Việt Nam
Sách tuyển chọn, sắp xếp có hệ thống các bài viết chủ yếu trình bày quan điểm của Giáo sư Nguyễn Cảnh Toàn về giáo dục ( trong đó có phần về giáo dục toán học) - một vấn đề lớn đang được toàn xã hội quan tâm như quan điểm vừê dạy va...
Salvato in:
| Autore principale: | |
|---|---|
| Natura: | Libro |
| Lingua: | Undetermined |
| Pubblicazione: |
H.
Lao Động
2002
|
| Soggetti: | |
| Tags: |
Aggiungi Tag
Nessun Tag, puoi essere il primo ad aggiungerne! !
|
| Thư viện lưu trữ: | Trung tâm Học liệu Trường Đại học Cần Thơ |
|---|
| LEADER | 01140nam a2200205Ia 4500 | ||
|---|---|---|---|
| 001 | CTU_51324 | ||
| 008 | 210402s9999 xx 000 0 und d | ||
| 020 | |b 270000 | ||
| 082 | |a 370.9597 | ||
| 082 | |b T406 | ||
| 100 | |a Nguyễn Cảnh Toàn | ||
| 245 | 0 | |a Tuyển tập tác phẩm bàn về giáo dục Việt Nam | |
| 245 | 0 | |c Nguyễn Cảnh Toàn | |
| 260 | |a H. | ||
| 260 | |b Lao Động | ||
| 260 | |c 2002 | ||
| 520 | |a Sách tuyển chọn, sắp xếp có hệ thống các bài viết chủ yếu trình bày quan điểm của Giáo sư Nguyễn Cảnh Toàn về giáo dục ( trong đó có phần về giáo dục toán học) - một vấn đề lớn đang được toàn xã hội quan tâm như quan điểm vừê dạy và học, quan điểm về nghiên cứu khoa học, về người giáo viên và ngành sư phạm, quan điểm về giáo dục từ xa, về chiến lược giáo dục | ||
| 650 | |a education | ||
| 650 | |z vietnam | ||
| 980 | |a Trung tâm Học liệu Trường Đại học Cần Thơ | ||